| 000 | 00930cam a2200349 c 4500 | ||
|---|---|---|---|
| 001 | a50237 | ||
| 003 | DO-SdBNP | ||
| 005 | 20240610112110.0 | ||
| 007 | a50237 | ||
| 008 | 110330s2010 sp |g0 0fsspa | ||
| 015 | _a | ||
| 017 |
_a _b |
||
| 020 | _a9788466309158 | ||
| 035 | _a | ||
| 040 |
_aBPMSU _bspa _cBPMSU _e |
||
| 080 | _a | ||
| 080 | _a | ||
| 082 | 4 |
_aPe863.44 _bV297c 2010 _222 |
|
| 100 | 1 |
_aVargas Llosa, Mario, _d1936- _915 |
|
| 245 | 1 | 3 |
_aLa ciudad y los perros / _h _b _cMario Vargas Llosa |
| 246 | 0 |
_i _a |
|
| 260 |
_aMadrid : _bSantillana, _c2010 |
||
| 300 |
_a446 p. ; _c21 cm _b |
||
| 490 | 0 |
_aPunto de lectura, _v4/1 |
|
| 500 | _3Incluye datos biográficos del autor | ||
| 586 | _aPremio Nobel de Literatura 2010 | ||
| 590 | _aInventariado, 2025/VM | ||
| 650 | 4 | _aNovela peruana | |
| 650 | 4 | _aLiteratura peruana | |
| 910 | _aVMateo V. Control de calidad. BPMSU | ||
| 942 |
_2ddc _cBK |
||
| 999 |
_c10753 _d10753 |
||